| 000 | 00471nam a2200169Ia 4500 | ||
|---|---|---|---|
| 999 |
_c12089 _d12089 |
||
| 003 | OSt | ||
| 005 | 20201015112655.0 | ||
| 008 | 190216s9999||||xx |||||||||||||| ||und|| | ||
| 040 | _coclc | ||
| 082 |
_a823.914 _bDES/V |
||
| 100 |
_aDesai, Anita _94775 |
||
| 245 | 0 |
_aVoices In The City / _cAnita Desai |
|
| 260 |
_bOrient Longman, _c1968. _aDelhi: |
||
| 300 | _a257p | ||
| 650 | _aEnglish Novel | ||
| 942 |
_cBK _2ddc _h823.914 _iDES/V _k823.914 _mDES/V |
||